| 000 | 00801nam a22002777a 4500 | ||
|---|---|---|---|
| 003 | CHAP | ||
| 005 | 20220329140447.0 | ||
| 008 | 971013s1977 nyu r 00010 eng d | ||
| 010 | _a52294 | ||
| 011 | _a53266 | ||
| 035 | _a57416 | ||
| 040 | _cCHAP | ||
| 082 | 0 | 4 |
_a026 _bP6 |
| 100 | 0 | 0 |
_aPoole, Herbert. _990865 |
| 245 | 1 | 0 |
_aAcademic libraires by the year 2000 : _bessay honoring Jerrold Orne |
| 260 |
_aNew York : _bBowker, _c1977 |
||
| 300 | _a205 p. | ||
| 590 |
_aBATCH-UPD _b10 _c20130110 _lUCH01 _h0311 |
||
| 590 |
_aBATCH-UPD _b10 _c20130110 _lUCH01 _h2124 |
||
| 590 |
_aCONVERSION _b10 _c20130109 _lUCH01 _h1328 |
||
| 650 | 1 | 4 |
_aBibliotecas especializadas. _912550 |
| 700 | 0 |
_aOrne, Jerrold. _983606 |
|
| 901 | _aBK | ||
| 942 | _cLIBRO | ||
| 949 |
_a026 P6 _bBC _cB _d-124924 _eB _h57211 _i57416 _si |
||
| 999 |
_c52294 _d52294 |
||